Alvar Aalto / (Record no. 187787)

MARC details
000 -LEADER
campo de control de longitud fija 00756nam a2200217 i 4500
001 - NÚMERO DE CONTROL
campo de control 187787
003 - IDENTIFICADOR DE NÚMERO DE CONTROL
campo de control ES-MaACL
005 - FECHA Y HORA DE LA ÚLTIMA TRANSACCIÓN
campo de control 20230906223029.0
008 - DATOS DE LONGITUD FIJA--INFORMACIÓN GENERAL
campo de control de longitud fija 180221s1961 sp |||| | spa d
100 1# - ENTRADA PRINCIPAL--NOMBRE DE PERSONA
Nombre de persona Gutheim, Frederick.
9 (RLIN) 164301
245 10 - MENCIÓN DEL TÍTULO
Título Alvar Aalto /
Mención de responsabilidad, etc. por Frederick Gutheim ; [versión... de Víctor Scholz ; ed... rev. por Luis M. Aragó].
260 ## - PUBLICACIÓN, DISTRIBUCIÓN, ETC.
Lugar de publicación, distribución, etc. Barcelona :
Nombre del editor, distribuidor, etc. Bruguera,
Fecha de publicación, distribución, etc. [1961]
300 ## - DESCRIPCIÓN FÍSICA
Extensión 127 p., lám. 1-122 :
Otras características físicas il. ;
Dimensiones 26 cm.
490 1# - MENCIÓN DE SERIE
Mención de serie Maestros de la arquitectura mundial
600 14 - PUNTO DE ACCESO ADICIONAL DE MATERIA--NOMBRE DE PERSONA
Nombre de persona Aalto, Alvar,
Fechas asociadas al nombre 1898-1976
9 (RLIN) 226335
700 1# - ENTRADA AGREGADA--NOMBRE PERSONAL
Nombre de persona Scholz, Víctor.
9 (RLIN) 104643
700 0# - ENTRADA AGREGADA--NOMBRE PERSONAL
Nombre de persona Aragó, Luis María.
9 (RLIN) 22167
830 0# - PUNTO DE ACCESO ADICIONAL DE SERIE-TÍTULO UNIFORME
Título uniforme Maestros de la arquitectura mundial
9 (RLIN) 192833
852 ## - LOCALIZACIÓN
Ubicación ES-MaACL
Número de control de estantería E-3959
Holdings
Estatus retirado Estado de pérdida Estado de daño No para préstamo Biblioteca de origen Biblioteca actual Ubicación en estantería Fecha de adquisición Fuente de adquisición Total de préstamos Signatura topográfica completa Código de barras Visto por última vez Precio de reemplazo Tipo de ítem Koha
        Biblioteca del Ateneo de Madrid Biblioteca del Ateneo de Madrid Depósito 2 21/02/2018     E-3959 1198400 23/02/2023 23/02/2023 Libro impreso